All Nations to Ever Play in the Copa America - Statistics

General Stats
  • This quiz has been taken 327 times
    221 since last reset
  • The average score is 17 of 20
Answer Stats
Appearances Answer % Correct
44 Argentina
99%
38 Brazil
99%
46 Uruguay
97%
24 Colombia
96%
11 Mexico
96%
41 Chile
95%
5 United States of America
95%
39 Paraguay
93%
30 Ecuador
92%
34 Peru
92%
20 Venezuela
92%
29 Bolivia
91%
1 Canada
90%
6 Costa Rica
85%
1 Honduras
81%
2 Panama
81%
3 Jamaica
75%
1 Haiti
58%
2 Japan
56%
1 Qatar
55%
No matching quizzes found
Score Distribution
Percent of People with Each Score
Percentile by Number Answered
Your Score History
You have not taken this quiz since the last reset